000 00330nam a2200133Ia 4500
005 20251222143247.0
008 251222s9999||||xx |||||||||||||| ||spa||
020 _a84-86987-51-2
082 _a226.6/C28
100 _aCarrón Pérez, Julián
245 0 _aJesús, el Mesías Manifestado:
264 _bCiudad Nueva
942 _cLIB
999 _c14813
_d14813